| 000 | 00582 a2200181 4500 | ||
|---|---|---|---|
| 020 | _a1881018113 | ||
| 020 | _a9781881018117 | ||
| 082 | _a515.02453 | ||
| 090 |
_c927 _d927 |
||
| 100 | 1 | _aPotter, Merle C. | |
| 245 | 1 | 0 |
_aMathematical methods / _cMerle C. Potter, Jack Goldberg. |
| 250 | _a2nd ed. | ||
| 260 |
_a[S.l.] : _bGreat Lakes Pr, _c1987 |
||
| 300 |
_a639 p. ; _c24 cm. |
||
| 700 | 1 | _aGoldberg, Jack. | |
| 942 |
_aSNS _cBK _k515.02453 POT |
||
| 999 |
_c29548 _d29548 |
||